00430 2200169 4500245007200000020002200072250000900094100000900103700002200112650001500134005001900149260003000168041001400198084001200212300002700224336000900251 aKoleksi Kebun Raya Banua b : Tumbuhan Berpotensi ObatcDodohText a978-979-799-850-9 a2016 aDodo aJoko Ridho Witono aIlmu Murni a20240904081909 aJakartabLIPI Pressc2016 aIndonesia a581.634 axiv + 130 hlm :c21 cm atext